| 000 | 00852nam a2200337 a 4500 | ||
|---|---|---|---|
| 003 | AR-BaBNM | ||
| 005 | 20251128205041.0 | ||
| 008 | 082120s2002 ||||||||||||||000 | spa|| | ||
| 020 | _a950-602-209-3 | ||
| 040 | _cAR-BaBNM | ||
| 100 | 1 | _aBadiou, Alain | |
| 245 | 0 | 0 | _a¿Se puede pensar la política? |
| 260 |
_aBuenos Aires _bNueva Visión _c1990 |
||
| 300 | _a78 p. | ||
| 490 | 0 | _aDiagonal | |
| 650 | 4 | _aFILOSOFIA CONTEMPORANEA | |
| 650 | 4 | _aFILOSOFOS | |
| 650 | 4 | _aHISTORIA ECONOMICA | |
| 650 | 4 | _aHISTORIA SOCIAL | |
| 650 | 4 | _aMARXISMO | |
| 650 | 4 | _aCOMUNISMO | |
| 650 | 4 | _aIDEALISMO | |
| 650 | 4 | _aFILOSOFIA POLITICA | |
| 650 | 4 | _aDOGMATISMO | |
| 650 | 4 | _aHISTORIOGRAFIA | |
| 650 | 4 | _aMATERIALISMO DIALECTICO | |
| 650 | 4 | _aANALISIS HISTORICO | |
| 700 | 1 |
_aPiatigorsky, Jorge _etraductor |
|
| 942 | _cBK | ||
| 998 | _cMARTIN | ||
| 999 |
_c9782 _d9782 |
||